Die neue Reichskanzlei (Record no. 94233)
[ view plain ]
| 000 -LEADER | |
|---|---|
| campo de control de longitud fija | 00654nam a2200217 i 4500 |
| 001 - NÚMERO DE CONTROL | |
| campo de control | 94233 |
| 003 - IDENTIFICADOR DE NÚMERO DE CONTROL | |
| campo de control | ES-MaACL |
| 005 - FECHA Y HORA DE LA ÚLTIMA TRANSACCIÓN | |
| campo de control | 20240229194805.0 |
| 007 - CAMPO FIJO DE DESCRIPCIÓN FÍSICA--INFORMACIÓN GENERAL | |
| campo de control de longitud fija | t| |
| 008 - DATOS DE LONGITUD FIJA--INFORMACIÓN GENERAL | |
| campo de control de longitud fija | 050728s1940 gw a |||| | ger d |
| 080 ## - NÚMERO DE LA CLASIFICACIÓN DECIMAL UNIVERSAL | |
| Número de la Clasificación Decimal Universal | 72.036(430)"1933/1945" |
| 080 ## - NÚMERO DE LA CLASIFICACIÓN DECIMAL UNIVERSAL | |
| Número de la Clasificación Decimal Universal | 72 Speer, Albert |
| 245 04 - MENCIÓN DEL TÍTULO | |
| Título | Die neue Reichskanzlei |
| Resto del título | : architekt Albert Speer. |
| 260 ## - PUBLICACIÓN, DISTRIBUCIÓN, ETC. | |
| Lugar de publicación, distribución, etc. | München : |
| Nombre del editor, distribuidor, etc. | Zentralverlag der Nsdap, |
| Fecha de publicación, distribución, etc. | [1940] |
| 300 ## - DESCRIPCIÓN FÍSICA | |
| Extensión | 132 p. : |
| Otras características físicas | il. ; |
| Dimensiones | 28 cm. |
| 650 17 - PUNTO DE ACCESO ADICIONAL DE MATERIA--TÉRMINO DE MATERIA | |
| Término de materia o nombre geográfico como elemento de entrada | Arquitectura alemana |
| Fuente del encabezamiento o término | |
| 9 (RLIN) | 161465 |
| 651 #4 - PUNTO DE ACCESO ADICIONAL DE MATERIA--NOMBRE GEOGRÁFICO | |
| Nombre geográfico | Alemania- |
| Subdivisión general | Política y gobierno- |
| Subdivisión cronológica | 1933-1945. |
| 9 (RLIN) | 140301 |
| 700 1# - ENTRADA AGREGADA--NOMBRE PERSONAL | |
| Nombre de persona | Speer, Albert. |
| 9 (RLIN) | 180584 |
| 852 ## - LOCALIZACIÓN | |
| Ubicación | ES-MaACL |
| Número de control de estantería | B-9706 |
| Estatus retirado | Estado de pérdida | Estado de daño | No para préstamo | Biblioteca de origen | Biblioteca actual | Ubicación en estantería | Fecha de adquisición | Fuente de adquisición | Total de préstamos | Signatura topográfica completa | Código de barras | Visto por última vez | Precio de reemplazo | Tipo de ítem Koha |
|---|---|---|---|---|---|---|---|---|---|---|---|---|---|---|
| Biblioteca del Ateneo de Madrid | Biblioteca del Ateneo de Madrid | Sala Pardo Bazán | 17/01/2008 | B-9706 | 1098420 | 23/02/2023 | 23/02/2023 | Libro impreso |
